|
|
|
|
| LEADER |
01560nam a22003615i 4500 |
| 001 |
34281 |
| 003 |
BD-DhAAL |
| 005 |
20211110145935.0 |
| 008 |
190702r20182015caua 000 0 eng |
| 999 |
|
|
|c 40420
|d 40420
|
| 010 |
|
|
|a 2015487233
|
| 020 |
|
|
|a 9781491924464
|
| 020 |
|
|
|a 9789352131099
|
| 040 |
|
|
|a DLC
|b eng
|e rda
|c DLC
|d BD-DhAAL
|
| 042 |
|
|
|a pcc
|
| 082 |
|
|
|a 005.2762
|2 23
|
| 100 |
1 |
|
|a Simpson, Kyle
|e author
|9 29908
|
| 245 |
1 |
0 |
|a Up & going /
|c Kyle Simpson ; editors, Simon St. Laurent and Brian MacDonald
|
| 246 |
|
|
|a You don't know JavaScript
|
| 250 |
|
|
|a First edition
|
| 260 |
|
|
|a Sebastopol, CA ;
|a Mumbai :
|b O'Reilly Media ;
|b Shroff Publishers and Distributors Pvt. Ltd.,
|c c2015 [reprinted 2018]
|
| 300 |
|
|
|a 72 pages :
|b illustrations ;
|c 23 cm.
|
| 490 |
|
|
|a You don't know JS
|
| 526 |
|
|
|a CSE
|
| 541 |
|
|
|a Hay Trade International
|e 34281, 34282
|
| 650 |
|
|
|a Java (Computer program language).
|9 29909
|
| 650 |
|
|
|a Computer science.
|9 29909
|
| 700 |
|
|
|a St. Laurent, Simon
|e editor
|9 29929
|
| 700 |
|
|
|a MacDonald, Brian
|e editor
|9 29930
|
| 852 |
|
|
|a Ayesha Abed Library
|c General Stacks
|
| 942 |
|
|
|2 ddc
|c BK
|
| 952 |
|
|
|0 0
|1 0
|2 ddc
|4 0
|6 005_276200000000000_SIM
|7 0
|9 65009
|a BRACUL
|b BRACUL
|c GEN
|d 2019-01-31
|e Hay Trade International
|g 280.00
|l 2
|m 34
|o 005.2762 SIM
|p 3010034281
|r 2025-06-22
|s 2024-12-09
|t 1
|v 280.00
|w 2019-01-31
|y BK
|
| 952 |
|
|
|0 0
|1 0
|2 ddc
|4 0
|6 005_276200000000000_SIM
|7 0
|9 65010
|a BRACUL
|b BRACUL
|c GEN
|d 2019-01-31
|e Hay Trade International
|g 280.00
|l 6
|m 32
|o 005.2762 SIM
|p 3010034282
|r 2026-05-20
|s 2026-03-30
|t 2
|v 280.00
|w 2019-01-31
|y BK
|